000 00575cam a22002054a 4500
005 20250605164224.0
008 250528s ||||||||||||||||||||||||d
035 _a20793
020 _a9607623258
040 _aGR-AtMCL
_bgre
_dGR-AtMCL
_eAACR2
245 1 _aΜΗΧΑΝΟΓΡΑΦΗΜΕΝΗ ΓΕΝΙΚΗ ΛΟΓΙΣΤΙΚΗ
250 _a2
260 _bΓερμανος,
_c2002
300 _a443
700 1 _aΚαραγιωργος Θεοφανης
_95884
700 1 _aΠετριδης Ανδρεας
_95886
942 _cBK
999 _c5875
_d5875